000 00369nam a2200145Ia 4500
005 20251222153620.0
008 251222s9999||||xx |||||||||||||| ||spa||
020 _a848130375
082 _a800/V35
100 _a Vásquez Montalbán, Manuel
245 0 _aLas mejores novelas en castellano del siglo XX
250 _a1ra .ed
264 _bBibliotex,S.L
942 _cLIB
999 _c31941
_d31941